| 000 | 00818nam a22002777a 4500 | ||
|---|---|---|---|
| 003 | CHAP | ||
| 005 | 20220329135047.0 | ||
| 008 | 971013s1939 r 00010 d | ||
| 010 | _a30295 | ||
| 011 | _a31267 | ||
| 035 | _a35379 | ||
| 040 | _cCHAP | ||
| 082 |
_a657.03 _bM35 |
||
| 100 | 0 | 0 |
_aMancera Hnos. _970283 |
| 245 | _aTerminologĂa del contador | ||
| 260 |
_aMéxico, D.F. : _bCultura, _c1939 |
||
| 300 | _a202 p | ||
| 590 |
_aBATCH-UPD _b10 _c20130110 _lUCH01 _h2140 |
||
| 590 |
_aCONVERSION _b10 _c20130109 _lUCH01 _h1317 |
||
| 650 | 1 | 4 |
_aComercio _xDiccionarios. _925568 |
| 650 | 1 | 4 |
_aContabilidad _xDiccionarios. _927422 |
| 901 | _aBK | ||
| 942 | _cLIBRO | ||
| 949 |
_a657.03 M35 _bBC _cC _d33724000668000 _eC _h26048 _i35379 _si |
||
| 949 |
_a657.03 M35 _bBC _cLIBRO _d33724000127072 _eLIBRO _fc.2 _h27776 _i35379 _si |
||
| 999 |
_c30295 _d30295 |
||